000 00415nam a2200157Ia 4500
008 240126s9999 xx 000 0 und d
022 _a0972-5466
041 _aEnglish
082 _aLIBRARY-MBA
245 0 _aJournal of IMIS Pratibimba
260 _bInstitute of Mangement & Information Science
_aBhubaneswar
440 _aNULL
650 _aIMIS,Pratibimba,Management
650 _aManagement
942 _cJN
999 _c278807
_d278807